| 000 | 00647nam a2200241Ia 4500 | ||
|---|---|---|---|
| 003 | OSt | ||
| 005 | 20221005025208.0 | ||
| 006 | a|||||r|||| 00| 0 | ||
| 007 | ta | ||
| 008 | 221004b |||||||| |||| 00| 0 eng d | ||
| 024 | _a29257 | ||
| 037 | _cTextual | ||
| 040 |
_aCRL _cCRL _beng |
||
| 041 |
_2eng _aeng |
||
| 082 | _aO111,6x, G4 | ||
| 100 |
_aChinnaswami K. ed. _9581576 |
||
| 245 | 0 | _aLongman's English prose selections. | |
| 260 |
_aCalcutta _bLongman India _c1934 |
||
| 300 |
_a241p. _ccm. |
||
| 650 |
_aENGLISH ESSAYS _925951 |
||
| 942 |
_hO111,6x, G4 _cTEXL _2cc |
||
| 999 |
_c934328 _d934328 |
||